Introducción a la sistémica y terapia familiar (Registro nro. 21998)

Detalles MARC
000 -Cabecera
Campo de control interno 00900nam a2200229Ia 4500
005 - Fecha y hora del registro
control field 20260417124429.0
008 - Elementos de Longitud Fija
fixed length control field 260320s9999||||xx |||||||||||||| ||und||
020 ## - ISBN
ISBN 8484544877
041 ## - Idioma
Codigo Idioma ESP
082 ## - DEWEY y NOTACIÓN INTERNA
Dewey 616.89156
Notación Interna C241
100 ## - AUTOR
Autor denominación Cibanal Juan, Luis,
Término de relación autor
245 #0 - TÍTULO DE MATERIAL BIBLIOGRÁFICO
Título Introducción a la sistémica y terapia familiar
260 ## - CIUDAD, EDITORIAL, AÑO
Ciudad Alicante :
Nombre de la Editorial Editorial Club Universitario,
Año 2006
300 ## - DESCRIPCIÓN
N° Páginas 265 páginas :
Otros detalles cuadros ;
Dimensiones 24 cm.
650 ## - TEMAS
Temas Tecnología (Ciencias Aplicadas)
653 ## - DESCRIPTORES
Lenguajes no controlado Terapia familiar; Psicoterapia familiar
654 ## - PROGRAMAS
Programa Dpto. de Psicología
856 ## - URL - UBICACIÓN
URI/URL: Enlace exacto del recurso <a href="https://0u20vwvic-y-https-ebookcentral-proquest-com.itmsp.museknowledge.com/lib/catolicasp/home.action">https://0u20vwvic-y-https-ebookcentral-proquest-com.itmsp.museknowledge.com/lib/catolicasp/home.action</a>
Nota pública: Versión digital <a href="Véase además: Base de datos ProQuest Ebook Central">Véase además: Base de datos ProQuest Ebook Central</a>
856 ## - URL - UBICACIÓN
URI/URL: Enlace exacto del recurso <a href="https://0u20fwvwy-y-https-research-ebsco-com.itmsp.museknowledge.com/c/qxo6us/search">https://0u20fwvwy-y-https-research-ebsco-com.itmsp.museknowledge.com/c/qxo6us/search</a>
Nota pública: Versión digital <a href="Véase además: Base de datos EBSCOhost">Véase además: Base de datos EBSCOhost</a>
942 ## - ELEMENTOS DE KOHA
Tipo de documento Libro
Nombre del creador Justo Noguera
Código de catalogador Margarita Torres
Esquema de clasificación Dewey Decimal Classification
Existencias
Codigo completo Registro Colección Copia número Disponibilidad Tipo de préstamo Biblioteca Actual Procedencia (Biblioteca) Ubicacón Fecha Ingreso Tipo de Adquisición Observación Date last seen Total checkouts Price effective from Tipo de Item Estado del Material Fuente de Clasificación Damaged status Withdrawn status
616.89156 C241 1086567 Universidad Católica San Pablo 3 Disponible Disponible Víctor Andrés Belaunde Víctor Andrés Belaunde Planta baja abierta 10/03/2026 Compra Psicología 20/03/2026   20/03/2026 Libro Bueno Dewey Decimal Classification    
616.89156 C241 1085220 Universidad Católica San Pablo 2 Disponible Disponible Víctor Andrés Belaunde Víctor Andrés Belaunde Planta baja abierta 30/03/2026 Compra   30/03/2026   30/03/2026 Libro Bueno Dewey Decimal Classification    
616.89156 C241 1085219 Universidad Católica San Pablo 1 Disponible Disponible Víctor Andrés Belaunde Víctor Andrés Belaunde Planta baja abierta 30/03/2026 Compra   30/03/2026   30/03/2026 Libro Bueno Dewey Decimal Classification